Văn kiện Đại hội Đại biểu toàn quốc lần thứ IX

Nội dung sách giới thiệu diễn văn khai mạc đại hội. các văn kiện nghị quyết gồm: chiến lược phát triển kinh tế - xã hội 2001 - 2010. Phương hướng, nhiệm vụ kế hoạch phát triển kinh tế - xã hội 5 năm 2001 - 2005. Nghị quyết đại hội IX và...

Descripció completa

Guardat en:
Dades bibliogràfiques
Autor corporatiu: Đảng Cộng Sản Việt Nam
Format: Llibre
Idioma:Undetermined
Publicat: Hà Nội Chính trị Quốc gia 2001
Matèries:
Etiquetes: Afegir etiqueta
Sense etiquetes, Sigues el primer a etiquetar aquest registre!
Thư viện lưu trữ: Trung tâm Học liệu Trường Đại học Cần Thơ
LEADER 01056nam a2200205Ia 4500
001 CTU_227987
008 210402s9999 xx 000 0 und d
082 |a 324.2597075 
082 |b Đ106 
110 |a Đảng Cộng Sản Việt Nam 
245 0 |a Văn kiện Đại hội Đại biểu toàn quốc lần thứ IX 
245 0 |c Đảng Cộng Sản Việt Nam 
260 |a Hà Nội 
260 |b Chính trị Quốc gia 
260 |c 2001 
520 |a Nội dung sách giới thiệu diễn văn khai mạc đại hội. các văn kiện nghị quyết gồm: chiến lược phát triển kinh tế - xã hội 2001 - 2010. Phương hướng, nhiệm vụ kế hoạch phát triển kinh tế - xã hội 5 năm 2001 - 2005. Nghị quyết đại hội IX và diễn văn bế mạc. 
650 |a Đảng Cộng Sản,Communist parties 
650 |z Việt Nam,Vietnam 
910 |b dqhieu 
980 |a Trung tâm Học liệu Trường Đại học Cần Thơ